|
|
|
|
| LEADER |
01499nam a2200385 a 4500 |
| 001 |
000699080 |
| 003 |
CZ BrMZK |
| 005 |
20090408135101.0 |
| 007 |
ta |
| 008 |
031205s2002 xr a b 000 j cze d |
| 015 |
|
|
|a cnb001190889
|
| 020 |
|
|
|a 80-86283-17-8
|q (váz.) :
|c Kč 388,00
|
| 035 |
|
|
|a (OCoLC)53264346
|
| 040 |
|
|
|a ABA001
|b cze
|d BOA001
|
| 072 |
|
7 |
|a 821.162.3-3
|x Česká próza
|2 Konspekt
|9 25
|
| 072 |
|
7 |
|a 821-93
|x Literatura pro děti a mládež (beletrie)
|2 Konspekt
|9 26
|
| 080 |
|
|
|a (084.11)
|2 MRF
|
| 080 |
|
|
|a 821.162.3-32
|2 MRF
|
| 080 |
|
|
|a 821-93
|2 MRF
|
| 100 |
1 |
|
|a Nikl, Petr,
|d 1960-
|7 jn99240000770
|4 ill
|
| 245 |
1 |
0 |
|a O Rybabě a Mořské duši /
|c [ilustroval] Petr Nikl ; [doslov Věra Jirousová]
|
| 250 |
|
|
|a 1. vyd.
|
| 260 |
|
|
|a Praha :
|b Meander,
|c 2002
|
| 300 |
|
|
|a [40] s. :
|b il. ;
|c 22 x 30 cm
|
| 490 |
1 |
|
|a Modrý slon ;
|v sv. 4
|
| 500 |
|
|
|a Součástí 1. vyd. je 100 výt. autorem číslovaných a signovaných
|
| 655 |
|
7 |
|a obrazové publikace
|7 fd132947
|2 czenas
|
| 655 |
|
7 |
|a české příběhy
|7 fd133973
|2 czenas
|
| 655 |
|
7 |
|a publikace pro děti
|7 fd133156
|2 czenas
|
| 700 |
1 |
|
|a Jirousová, Věra,
|d 1944-2011
|7 jn19990218035
|4 wfw
|
| 830 |
|
0 |
|a Modrý slon (Meander)
|0 s
|
| 856 |
4 |
1 |
|u http://www.digitalniknihovna.cz/mzk/uuid/uuid:b7061540-f607-11e3-812a-005056827e52
|y Digitalizovaný dokument
|x NDK
|
| 910 |
|
|
|a BOA001
|b 3-1126.354
|
| 990 |
|
|
|a BK
|
| 996 |
6 |
|
|b 2610203549
|c 3-1126.354
|l MZK
|r Sklad / do 1 hodiny
|n 51
|p p.v.
|w 000699080
|u 000010
|a 1
|e BOA001
|j MZK50
|s P
|